[Event "RUS-ch Women Blitz 2019"]
[Site "Sochi"]
[Date "2019.10.17"]
[Round "7.3"]
[White "Belenkaya, Dina"]
[Black "Ambartsumova, Karina"]
[Result "1-0"]
[WhiteElo "2300"]
[BlackElo "2341"]
[Annotator "RC"]
[PlyCount "107"]
[EventDate "2019.10.17"]
[EventType "swiss"]
[EventCountry "RUS"]
[SourceTitle "playchess.com"]
[Source "ChessBase"]
[SourceQuality "1"]
[TimeControl "180+2"]

1. e4 {[%emt 0:00:00]} c5 {[%emt 0:00:00]} 2. Nc3 {[%emt 0:00:01]} Nc6 {[%emt 0:00:01]} 3. g3 {[%emt 0:00:01]} g6 {[%emt 0:00:02]} 4. Bg2 {[%emt 0:00:02]} Bg7 {[%emt 0:00:01]} 5. d3 {[%emt 0:00:07]} d6 {[%emt 0:00:06]} 6. Nf3 {[%emt 0:00:08]} e6 {[%emt 0:00:07]} 7. Bg5 {[%emt 0:00:05]} Nge7 {[%emt 0:00:05]} 8. Qd2 {[%emt 0:00:04]} Nd4 {[%emt 0:00:11]} 9. O-O {[%emt 0:00:10]} a6 {[%emt 0:00:39]} 10. Nd1 {[%emt 0:00:24]} O-O {[%emt 0:00:29]} 11. c3 {[%emt 0:00:02]} Nxf3+ {[%emt 0:00:02]} 12. Bxf3 {[%emt 0:00:02]} Re8 {[%emt 0:00:15]} 13. Bh6 {[%emt 0:00:04]} Bh8 {[%emt 0:00:01]} 14. Ne3 {[%emt 0:00:03]} b6 {[%emt 0:00:16]} 15. d4 {[%emt 0:00:26]} e5 {[%emt 0:00:11]} 16. dxc5 {[%emt 0:00:24]} dxc5 {[%emt 0:00:01]} 17. Qxd8 {[%emt 0:00:14]} Rxd8 {[%emt 0:00:01]} 18. Nc4 {[%emt 0:00:02]} Rb8 {[%emt 0:00:15]} 19. Rad1 {[%emt 0:00:02]} Rxd1 {[%emt 0:00:07]} 20. Rxd1 {[%emt 0:00:01]} Be6 {[%emt 0:00:01]} 21. Be2 {[%emt 0:00:05]} b5 {[%emt 0:00:19]} 22. Na5 {[%emt 0:00:01]} Bg7 {[%emt 0:00:14]} 23. Be3 {[%emt 0:00:03]} Bxa2 {[%emt 0:00:05]} 24. Bxc5 {[%emt 0:00:02]} Bf8 {[%emt 0:00:01]} 25. b3 {[%emt 0:00:05]} Nc6 {[%emt 0:00:13]} 26. Nxc6 Rc8 27. Bxf8 {[%emt 0:00:07]} Rxc6 {[%emt 0:00:01]} 28. Bh6 {[%emt 0:00:03]} f6 {[%emt 0:00:04]} 29. c4 {[%emt 0:00:13]} Bxb3 {[%emt 0:00:02]} 30. cxb5 {[%emt 0:00:04]} Bxd1 {[%emt 0:00:02]} 31. Bxd1 {[%emt 0:00:10]} axb5 {[%emt 0:00:03]} 32. Bb3+ {[%emt 0:00:05]} Kh8 {[%emt 0:00:00]} 33. Bd5 {[%emt 0:00:03]} Rb6 {[%emt 0:00:05]} 34. Bf8 {[%emt 0:00:02]} b4 {[%emt 0:00:03]} 35. Bb3 {[%emt 0:00:08]} Rb8 {[%emt 0:00:01]} 36. Be7 {[%emt 0:00:04]} Kg7 {[%emt 0:00:01]} 37. Kf1 {[%emt 0:00:01]} Rc8 {[%emt 0:00:03]} 38. Ke2 {[%emt 0:00:03]} Rc7 {[%emt 0:00:03]} 39. Bd6 {[%emt 0:00:03]} Rd7 {[%emt 0:00:01]} 40. Bc5 {[%emt 0:00:03]} Rc7 {[%emt 0:00:01]} 41. Be3 {[%emt 0:00:12]} f5 {[%emt 0:00:02]} 42. exf5 gxf5 {[%emt 0:00:00]} 43. Bd2 {[%emt 0:00:04]} Kf6 {[%emt 0:00:02]} 44. Bg8 {[%emt 0:00:02]} Rb7 {[%emt 0:00:01]} 45. Bb3 {[%emt 0:00:05]} Rb8 {[%emt 0:00:02]} 46. Kd3 {[%emt 0:00:01]} Rd8+ {[%emt 0:00:02]} 47. Kc2 {[%emt 0:00:01]} Rc8+ {[%emt 0:00:01]} 48. Kb2 {[%emt 0:00:01]} Rb8 {[%emt 0:00:00]} 49. h4 {[%emt 0:00:03]} Rb7 {[%emt 0:00:06]} 50. Bg5+ {[%emt 0:00:01]} Kg6 {[%emt 0:00:02]} 51. Bc4 {[%emt 0:00:02]} h6 52. Bd2 {[%emt 0:00:02]} Kh5 {[%emt 0:00:07]} 53. Bd5 {[%emt 0:00:08]} Kg4 {[%emt 0:00:03]} 54. Bxb7 1-0

[Event "RUS-ch Women Blitz 2019"]
[Site "Sochi"]
[Date "2019.10.17"]
[Round "7.4"]
[White "Garifullina, Leya"]
[Black "Styazhkina, Anna"]
[Result "1-0"]
[WhiteElo "2330"]
[BlackElo "2280"]
[Annotator "RC"]
[PlyCount "105"]
[EventDate "2019.10.17"]
[EventType "swiss"]
[EventCountry "RUS"]
[SourceTitle "playchess.com"]
[Source "ChessBase"]
[SourceQuality "1"]
[TimeControl "180+2"]

1. e4 {[%emt 0:00:00]} e5 {[%emt 0:00:00]} 2. Nf3 {[%emt 0:00:01]} Nc6 {[%emt 0:00:01]} 3. Bb5 {[%emt 0:00:01]} a6 {[%emt 0:00:18]} 4. Ba4 {[%emt 0:00:01]} Nf6 {[%emt 0:00:02]} 5. O-O {[%emt 0:00:03]} Bc5 {[%emt 0:00:01]} 6. c3 {[%emt 0:00:02]} b5 {[%emt 0:00:02]} 7. Bc2 {[%emt 0:00:03]} d5 {[%emt 0:00:05]} 8. exd5 {[%emt 0:00:11]} Qxd5 {[%emt 0:00:01]} 9. Bb3 {[%emt 0:00:12]} Qd3 {[%emt 0:00:02]} 10. Bc2 {[%emt 0:00:02]} Qd6 {[%emt 0:00:02]} 11. d3 {[%emt 0:00:09]} O-O {[%emt 0:00:07]} 12. Nbd2 {[%emt 0:00:02]} Bg4 {[%emt 0:00:05]} 13. Ne4 {[%emt 0:00:10]} Nxe4 {[%emt 0:00:07]} 14. dxe4 {[%emt 0:00:02]} Qf6 {[%emt 0:00:02]} 15. Qe2 {[%emt 0:00:07]} Rad8 {[%emt 0:00:17]} 16. h3 {[%emt 0:00:11]} Bxf3 {[%emt 0:00:06]} 17. Qxf3 {[%emt 0:00:02]} Qxf3 {[%emt 0:00:02]} 18. gxf3 {[%emt 0:00:02]} b4 {[%emt 0:00:26]} 19. Ba4 {[%emt 0:00:02]} Ne7 {[%emt 0:00:02]} 20. cxb4 {[%emt 0:00:04]} Bxb4 {[%emt 0:00:04]} 21. Be3 {[%emt 0:00:02]} f5 {[%emt 0:00:04]} 22. Rac1 {[%emt 0:00:14]} Bd6 {[%emt 0:00:22]} 23. Bg5 {[%emt 0:00:13]} c5 {[%emt 0:00:11]} 24. Bb3+ {[%emt 0:00:08]} Kh8 {[%emt 0:00:01]} 25. Rcd1 {[%emt 0:00:01]} h6 {[%emt 0:00:05]} 26. Rxd6 {[%emt 0:00:14]} hxg5 {[%emt 0:00:05]} 27. Rfd1 {[%emt 0:00:01]} Rxd6 {[%emt 0:00:27]} 28. Rxd6 {[%emt 0:00:01]} fxe4 {[%emt 0:00:02]} 29. fxe4 {[%emt 0:00:01]} Kh7 {[%emt 0:00:02]} 30. Rxa6 {[%emt 0:00:06]} Rd8 {[%emt 0:00:05]} 31. Be6 {[%emt 0:00:10]} Rd2 {[%emt 0:00:14]} 32. b3 {[%emt 0:00:03]} Re2 {[%emt 0:00:06]} 33. Bg4 {[%emt 0:00:04]} Rxe4 {[%emt 0:00:06]} 34. Re6 {[%emt 0:00:01]} Re1+ {[%emt 0:00:02]} 35. Kg2 {[%emt 0:00:01]} Nd5 {[%emt 0:00:03]} 36. Bf5+ {[%emt 0:00:12]} Kg8 {[%emt 0:00:01]} 37. Rc6 {[%emt 0:00:15]} Nf4+ {[%emt 0:00:03]} 38. Kf3 {[%emt 0:00:02]} Rc1 {[%emt 0:00:06]} 39. Kg4 {[%emt 0:00:17]} Kf7 {[%emt 0:00:10]} 40. Be4 {[%emt 0:00:07]} Rg1+ {[%emt 0:00:03]} 41. Kf5 {[%emt 0:00:01]} Re1 {[%emt 0:00:05]} 42. f3 {[%emt 0:00:03]} Nxh3 {[%emt 0:00:02]} 43. Rc7+ {[%emt 0:00:01]} Ke8 {[%emt 0:00:02]} 44. Ke6 {[%emt 0:00:06]} Nf4+ {[%emt 0:00:01]} 45. Kf5 {[%emt 0:00:01]} Kd8 {[%emt 0:00:06]} 46. Rxc5 {[%emt 0:00:03]} Kd7 {[%emt 0:00:03]} 47. Rxe5 {[%emt 0:00:02]} Nh3 {[%emt 0:00:01]} 48. Bc6+ {[%emt 0:00:06]} Kxc6 {[%emt 0:00:01]} 49. Rxe1 {[%emt 0:00:02]} Nf2 {[%emt 0:00:02]} 50. Kxg5 {[%emt 0:00:01]} Nd3 {[%emt 0:00:01]} 51. Re2 {[%emt 0:00:02]} Kd5 {[%emt 0:00:02]} 52. Rd2 {[%emt 0:00:04]} Kd4 {[%emt 0:00:02]} 53. Rxd3+ {[%emt 0:00:01] Kd5} 1-0

[Event "RUS-ch Women Blitz 2019"]
[Site "Sochi"]
[Date "2019.10.17"]
[Round "7.5"]
[White "Karavaeva, Olga"]
[Black "Charochkina, Daria"]
[Result "0-1"]
[WhiteElo "2260"]
[BlackElo "2355"]
[Annotator "TA"]
[PlyCount "66"]
[EventDate "2019.10.17"]
[EventType "swiss"]
[EventCountry "RUS"]
[SourceTitle "playchess.com"]
[Source "ChessBase"]
[SourceQuality "1"]

{[%evp 16,76,0,-7,0,-9,0,0,14,0,8,7,5,-17,-22,-24,-33,-74,-68,-64,-53,-70,-77,-66,-73,-76,-57,-52,-51,-139,-131,-133,-92,-102,-93,-97,-54,-147,-141,-113,-129,-238,-242,-418,-374,-377,-395,-457,-377,-741,-731,-712,-651,-655,-645,-633,-611,-720,-731,-712,-709,-986,-919]} 1. c4 e5 2. Nc3 Nf6 3. g3 d5 4. cxd5 Nxd5 5. Bg2 Nb6 6. Nf3 Nc6 7. O-O Be7 8. d3 O-O 9. b3 Re8 {A29: English Opening: Four Knights Variation with 4 g3} 10. Bb2 Bf8 11. Rc1 Be6 {The position is equal.} (11... Nd4 12. e3 Nxf3+ 13. Qxf3 c6 14. Rfd1 Qg5 15. h4 Qg4 16. Ne4 Qxf3 17. Bxf3 a5 18. Nc5 a4 {0-1 (79) Dubov,D (2690)-Nakamura,H (2761) Moscow 2019}) 12. Qd2 $146 ({Predecessor:} 12. Ne4 f6 13. Nc5 Bxc5 14. Rxc5 a5 15. d4 a4 16. Qb1 axb3 17. axb3 exd4 18. Rh5 d3 19. exd3 {0-1 (51) Harutyunian,T (2555)-Sargsyan,S (2540) Yerevan 2019}) 12... a5 13. Ne4 f6 14. Nc5 Bxc5 15. Rxc5 a4 16. Rc3 axb3 17. axb3 Nb4 18. d4 e4 19. Ne1 f5 20. Nc2 N4d5 21. Rc5 Ra2 22. Qc1 ({White should play} 22. Rb1 $15) 22... Nd7 $36 {[%mdl 2048] Black is on the roll.} 23. Rb5 Qa8 24. Nb4 Nxb4 25. Rxb4 c6 26. f3 (26. Bh3 $15) 26... Bd5 27. fxe4 fxe4 28. Qb1 (28. Ra4 $17 Rxa4 29. bxa4) 28... b5 $19 29. Rf4 $2 {[#]} (29. e3 {keeps fighting.}) 29... Nf6 30. e3 Qa7 31. Bc3 Ra8 32. h3 $2 (32. Bb2) 32... Re2 {Black is clearly winning.} 33. Qc1 {[#]} Nh5 {Played: Qa7-a2} 0-1

[Event "RUS-ch Women Blitz 2019"]
[Site "Sochi"]
[Date "2019.10.17"]
[Round "7.6"]
[White "Goltseva, Ekaterina"]
[Black "Bodnaruk, Anastasia"]
[Result "0-1"]
[WhiteElo "2317"]
[BlackElo "2419"]
[Annotator "RC"]
[PlyCount "62"]
[EventDate "2019.10.17"]
[EventType "swiss"]
[EventCountry "RUS"]
[SourceTitle "playchess.com"]
[Source "ChessBase"]
[SourceQuality "1"]
[TimeControl "180+2"]

1. d4 {[%emt 0:00:00]} Nf6 {[%emt 0:00:00]} 2. c4 {[%emt 0:00:00]} g6 {[%emt 0:00:00]} 3. Nc3 {[%emt 0:00:01]} Bg7 {[%emt 0:00:00]} 4. e4 {[%emt 0:00:02]} d6 {[%emt 0:00:00]} 5. Nge2 {[%emt 0:00:01]} O-O {[%emt 0:00:05]} 6. Ng3 {[%emt 0:00:01]} e5 {[%emt 0:00:02]} 7. d5 {[%emt 0:00:02]} a5 {[%emt 0:00:04]} 8. Be2 {[%emt 0:00:08]} Na6 {[%emt 0:00:03]} 9. h4 {[%emt 0:00:01]} h5 {[%emt 0:00:07]} 10. Bg5 {[%emt 0:00:03]} Qe8 {[%emt 0:00:08]} 11. Qd2 {[%emt 0:00:18]} Kh7 {[%emt 0:00:23]} 12. f3 {[%emt 0:00:30]} Bd7 {[%emt 0:00:11]} 13. Nf1 {[%emt 0:00:07]} Nc5 {[%emt 0:00:06]} 14. g4 {[%emt 0:00:22]} Rh8 {[%emt 0:00:40]} 15. Ng3 {[%emt 0:00:44]} Kg8 {[%emt 0:00:02]} 16. gxh5 {[%emt 0:00:18]} Nxh5 {[%emt 0:00:02]} 17. Nxh5 {[%emt 0:00:01]} Rxh5 {[%emt 0:00:14]} 18. O-O-O {[%emt 0:00:11]} f6 {[%emt 0:00:45]} 19. Be3 {[%emt 0:00:04]} f5 {[%emt 0:00:00]} 20. f4 {[%emt 0:00:26]} Rh7 {[%emt 0:00:04]} 21. fxe5 {[%emt 0:00:13]} Qxe5 {[%emt 0:00:01]} 22. Bf4 {[%emt 0:00:04]} Qe8 {[%emt 0:00:09]} 23. Bd3 {[%emt 0:00:04]} fxe4 {[%emt 0:00:08]} 24. Bc2 {[%emt 0:00:02]} Bf5 {[%emt 0:00:04]} 25. Be3 {[%emt 0:00:02]} Qe5 {[%emt 0:00:10]} 26. Rdf1 {[%emt 0:00:02]} a4 {[%emt 0:00:06]} 27. a3 {[%emt 0:00:02]} Nb3+ {[%emt 0:00:05]} 28. Bxb3 {[%emt 0:00:02]} axb3 {[%emt 0:00:02]} 29. Rhg1 {[%emt 0:00:03]} Rxh4 {[%emt 0:00:03]} 30. Qg2 {[%emt 0:00:02]} Rxa3 {[%emt 0:00:03]} 31. Bd2 {[%emt 0:00:06]} Ra1+ {[%emt 0:00:02]} 0-1

[Event "RUS-ch Women Blitz 2019"]
[Site "Sochi"]
[Date "2019.10.17"]
[Round "7.7"]
[White "Maltsevskaya, Aleksandra"]
[Black "Borisova, Ekaterina"]
[Result "1-0"]
[WhiteElo "2333"]
[BlackElo "2347"]
[Annotator "TA"]
[PlyCount "51"]
[EventDate "2019.10.17"]
[EventType "swiss"]
[EventCountry "RUS"]
[SourceTitle "playchess.com"]
[Source "ChessBase"]
[SourceQuality "1"]

{[%evp 16,51,25,22,37,-2,44,26,29,27,22,25,78,54,48,55,60,56,63,75,109,98,143,85,143,145,193,189,253,239,261,196,220,206,418,399,825,814]} 1. e4 c5 2. Nf3 d6 3. d4 cxd4 4. Nxd4 Nf6 5. Nc3 Nc6 6. Bg5 e6 7. Qd2 a6 8. O-O-O Bd7 9. Kb1 Be7 {B67: Sicilian: Richter-Rauzer: 7...a6 8 0-0-0 Bd7, lines without 9 f4 Be7} (9... Nxd4 10. Qxd4 h6 11. Bc1 Bc6 12. f3 Qc7 13. Be2 O-O-O 14. Qf2 d5 15. Be3 Rd7 16. Bb6 Qb8 17. exd5 Nxd5 18. Nxd5 Rxd5 19. Rxd5 exd5 {1-0 (32) Inarkiev,E (2702)-Gelfand,B (2729) Nazran 2017}) 10. h4 Qc7 11. Be2 b5 {Hoping for ...b4.White has an edge.} 12. a3 Rc8 $146 ({Predecessor:} 12... Qb7 13. f3 Rb8 14. Na2 O-O 15. Nb3 Qb6 16. h5 Ne8 17. Bxe7 Nxe7 {1-0 (49) Fernandez Gonzalez,J-Teran,J Spain 1995}) 13. Nxc6 Qxc6 (13... Bxc6 $11 14. f3 O-O) 14. f3 $36 {[%mdl 2048] White has good play.} Qb7 15. Bf4 e5 16. Bg5 Be6 17. Bxf6 gxf6 18. Nd5 Qc6 19. Bd3 (19. Rhf1 $142) 19... Bxd5 (19... h5 $142) 20. exd5 $16 Qxd5 {[#]} 21. Qh6 $1 Qc5 (21... Qe6 $142) 22. Qg7 $18 Rf8 23. Qxh7 b4 {[#]} 24. a4 $1 ({Weaker is} 24. Bxa6 bxa3 25. Qd3 (25. Bxc8 {gets mated.} Qb4 26. Kc1 a2 27. Bd7+ Kxd7 28. c3 a1=Q+ {[%mdl 64] Double Attack} 29. Kd2 Qaxb2+ {[%mdl 64] Double Attack} 30. Ke1 Q4xc3+ 31. Kf1 Qe3 32. Rxd6+ Bxd6 33. Qf5+ Kc7 34. Qc2+ Qxc2 35. h5 Qef2#) 25... Rb8 $14) 24... b3 $2 (24... Qc6 {was necessary.} 25. h5 Qxa4) 25. cxb3 {Black must now prevent Rc1.} d5 $2 (25... Qa5 26. Bc4 Rd8) 26. Rc1 {Accuracy: White = 56%, Black = 40%.} 1-0

[Event "RUS-ch Women Blitz 2019"]
[Site "Sochi"]
[Date "2019.10.17"]
[Round "7.8"]
[White "Samigullina, Diana"]
[Black "Pogonina, Natalija"]
[Result "1/2-1/2"]
[WhiteElo "2161"]
[BlackElo "2479"]
[Annotator "TA"]
[PlyCount "78"]
[EventDate "2019.10.17"]
[EventType "swiss"]
[EventCountry "RUS"]
[SourceTitle "playchess.com"]
[Source "ChessBase"]
[SourceQuality "1"]

{[%evp 9,78,0,0,0,-1,-1,11,13,21,21,31,0,12,0,0,0,16,18,11,-34,-36,-56,-62,-77,-66,-66,-65,-77,-79,-85,-71,-71,-71,-71,-70,-69,-65,-70,-60,-59,-57,-64,-64,-60,-58,-68,-36,-43,-43,-109,-104,-99,-43,-72,-53,-44,-40,-44,-17,-17,-12,-37,-18,-37,-37,-37,-37,-37,-26,-33,-22]} 1. d4 d5 2. Nf3 Nf6 3. e3 e6 4. Bd3 Be7 (4... c5 5. b3 Bd6 6. O-O O-O 7. Bb2 b6 8. Nbd2 Ba6 9. c4 Nc6 10. Qe2 cxd4 11. exd4 Bf4 12. g3 Bh6 13. Rad1 Rc8 {½-½ (32) Korobov,A (2687)-Jakovenko,D (2704) Poikovsky 2019}) 5. c3 O-O 6. Nbd2 {D05: Colle System with ...e6} b6 7. e4 dxe4 8. Nxe4 {The position is equal.} Bb7 9. Nxf6+ Bxf6 10. O-O Nd7 11. Bf4 c5 12. Bd6 Re8 $146 ({Predecessor:} 12... Be7 13. Bg3 cxd4 14. Nxd4 Nc5 15. Bc2 Bf6 {0-1 (36) Kartsev,A (2033)-Schwarzat,J (1951) Bingen 2008}) 13. dxc5 Nxc5 14. Bxc5 bxc5 15. Bb5 Rf8 16. Qe2 Qb6 17. a4 a6 {[#] aiming for ...Bxf3.} 18. Bd3 Bxf3 19. gxf3 a5 20. Rad1 Rad8 21. Bb5 Qc7 22. Rxd8 Rxd8 23. Rd1 Rxd1+ 24. Qxd1 Qf4 25. Qd7 {[%cal Rd7e8] [#]} g6 26. Qc8+ Kg7 27. Qxc5 Qxf3 28. Qe3 Qg4+ 29. Qg3 ({White should play} 29. Kh1 $15) 29... Qd1+ 30. Kg2 h5 (30... Qd5+ $17 31. f3 Qd2+ 32. Qf2 Qg5+ 33. Qg3 Qd2+ 34. Qf2 Qg5+ 35. Qg3 Qd2+) 31. Qf3 Qc2 (31... Qc1 {is more complex.} 32. Qe2 Qg5+ 33. Kf1 Qd5 34. Kg1 Be7) 32. Qe2 Qb3 33. h3 h4 34. Qd2 Qa2 35. Qe2 Qb1 36. Bd3 Qc1 37. Bb5 Qg5+ 38. Qg4 Qd2 39. Qe2 Qd5+ {Accuracy: White = 64%, Black = 48%.} 1/2-1/2

[Event "RUS-ch Women Blitz 2019"]
[Site "Sochi"]
[Date "2019.10.17"]
[Round "7.9"]
[White "Afonasieva, Anna"]
[Black "Guseva, Marina"]
[Result "0-1"]
[WhiteElo "2312"]
[BlackElo "2366"]
[Annotator "TA"]
[PlyCount "92"]
[EventDate "2019.10.17"]
[EventType "swiss"]
[EventCountry "RUS"]
[SourceTitle "playchess.com"]
[Source "ChessBase"]
[SourceQuality "1"]

{[%evp 9,92,3,19,-11,27,11,18,20,32,17,20,13,13,0,-2,-27,-23,-22,-20,-53,-35,-73,-34,-56,-63,-50,-54,-47,-46,-40,0,-52,-48,-129,-136,-195,-193,-195,-184,-264,-179,-257,-260,-289,-289,-289,-290,-279,-291,-359,-344,-352,-328,-685,-693,-669,-683,-741,-713,-739,-558,-550,-550,-651,-650,-681,-610,-629,-639,-623,-620,-604,-583,-577,-564,-561,-550,-629,-637,-637,-631,-620,-622,-29986,-29987]} 1. d4 Nf6 2. Nf3 e6 3. g3 b5 4. Bg2 Bb7 5. O-O Be7 6. a4 {A46: 1 d4 Nf6 2 Nf3 e6: Torre, London and Colle Systems} (6. Bg5 d5 7. Nbd2 Nbd7 8. c3 c5 9. a4 a6 10. dxc5 Nxc5 11. axb5 axb5 12. Rxa8 Bxa8 13. Nd4 Qb6 14. e3 {½-½ (38) Kovacevic,B (2497)-Lenic,L (2657) Slovenia 2018}) 6... a6 7. Nbd2 O-O 8. Nb3 {The position is equal.} Bd5 $146 ({Predecessor:} 8... d6 9. Bd2 c5 10. dxc5 dxc5 11. Be3 Nbd7 12. Qd2 Be4 13. axb5 axb5 14. Rxa8 Qxa8 {1-0 (83) Rozhko,D (2305)-Lingur,Z (2096) Grozny 2019}) 9. axb5 axb5 10. Rxa8 Bxa8 11. Bf4 d6 12. Nfd2 Bxg2 13. Kxg2 Nbd7 14. Qa1 Nb6 15. Kg1 Qd7 16. e4 Ra8 17. Qd1 Nc4 18. Nxc4 bxc4 19. Nd2 Qb5 20. b3 ({White should play} 20. Qe2 $11) 20... c3 $36 {[%mdl 2048] Black has good play.} 21. Nc4 (21. e5 $15 dxe5 22. dxe5) 21... Nxe4 $17 22. Qd3 (22. Re1 $17 {was necessary.} d5 23. Ne5) 22... d5 $19 23. Ne5 Qxd3 24. Nxd3 (24. cxd3 $142 Nd2 25. Bxd2 cxd2 26. Rd1) 24... c5 25. dxc5 (25. f3 {is a better defense.} cxd4 26. fxe4 dxe4 27. Ne5) 25... Nxc5 26. Ne5 f6 27. Nc6 Bf8 28. b4 Nd7 29. b5 e5 30. Be3 d4 31. Rd1 $2 {[#]} (31. Nxd4 exd4 32. Bxd4) 31... dxe3 32. fxe3 Nb6 33. Rd3 Ra1+ 34. Kg2 Rb1 35. Rxc3 Rxb5 36. Nd8 Rc5 37. Rb3 Nd7 38. c3 Rc8 39. Nb7 Nc5 40. Nxc5 Bxc5 {[%mdl 4096] Endgame KRB-KR} 41. Kf3 Rc7 42. Ke4 Kf7 43. Kd3 Ke6 44. e4 Bg1 45. h3 h5 46. Rb6+ Bxb6 {Accuracy: White = 23%, Black = 68%.} 0-1

[Event "RUS-ch Women Blitz 2019"]
[Site "Sochi"]
[Date "2019.10.17"]
[Round "7.10"]
[White "Koroleva, Evgeniya"]
[Black "Bivol, Alina"]
[Result "0-1"]
[WhiteElo "1855"]
[BlackElo "2371"]
[Annotator "TA"]
[PlyCount "120"]
[EventDate "2019.10.17"]
[EventType "swiss"]
[EventCountry "RUS"]
[SourceTitle "playchess.com"]
[Source "ChessBase"]
[SourceQuality "1"]

{[%evp 16,120,99,27,40,21,20,-19,17,-18,-7,-8,-11,-72,-67,-90,-71,-86,-102,-108,-61,-70,0,0,0,0,0,1,12,0,0,-21,-22,-21,-25,-27,-23,-32,-31,-74,-58,-62,-19,-56,-16,-120,-56,-53,-53,-68,-63,-55,-30,-122,-161,-155,-149,-188,-192,-302,-281,-341,-212,-447,-387,-417,-237,-272,-242,-343,-324,-699,-699,-1176,-1067,-1521,-1645,-1666,-1415,-1378,-1309,-3737,-2959,-2022,-1789,-1693,-1397,-29975,-29976,-29976,-29977,-29976,-29975,-29980,-29981,-29981,-1672,-29976,-29977,-29976,-29977,-29982,-29983,-29987,-29988,-29989,-29990]} 1. d4 Nf6 2. c4 g6 3. Nc3 Bg7 4. e4 d6 5. Be2 O-O 6. Bg5 c5 7. d5 b5 8. cxb5 a6 9. bxa6 (9. a4 $16) 9... Qa5 $11 {next ...Nxe4 is good for Black. E74: King's Indian: Averbakh Variation: 6...c5} 10. Bd2 Bxa6 11. Bxa6 $146 ({Predecessor:} 11. Qc2 Nbd7 12. Nf3 Bxe2 13. Kxe2 Ng4 14. Kf1 f5 15. Kg1 {1-0 (68) Valsecchi,A (2510)-Eden,J (2324) Karlsruhe 2018}) 11... Qxa6 {The position is equal.} (11... Nxa6 {keeps more tension.} 12. Nge2 Rfb8 13. Rb1 Nb4 14. Nc1 Qa6) 12. Qe2 (12. Nge2 {feels hotter.} Nbd7 13. O-O Ne5 14. Bg5 h6 15. Be3) 12... Nbd7 13. Qxa6 Rxa6 14. Nf3 (14. Nge2 $11 {remains equal.}) 14... Rb8 $17 {[%mdl 1024] Black has strong compensation.} 15. Bc1 c4 16. Ke2 Nc5 17. Nd2 h5 18. f3 Nb3 ({Better is} 18... Nfd7 $15 19. Nxc4 Bxc3 20. bxc3 Nb3 21. axb3 Rxa1) 19. Nxb3 $11 cxb3 20. a3 Nd7 21. Bd2 Ne5 22. Rab1 Nc4 23. Rhc1 Nxd2 24. Kxd2 Bh6+ 25. Kd3 Bxc1 26. Rxc1 {[%mdl 4096] Endgame KRR-KRN} e6 27. Kc4 exd5+ 28. exd5 Kg7 29. Rd1 Ra5 30. Ne4 {[#]} (30. Re1 $11) 30... Ra4+ (30... Rc8+ $1 $17 31. Kb4 Ra6) 31. Kc3 $15 Ra6 32. Rd4 f5 33. Nd2 Rab6 34. Rb4 (34. Nc4 $11 Rc8 35. Kd3) 34... Rxb4 $17 35. axb4 {KR-KN} Kf6 36. Nc4 Rb5 37. Kxb3 (37. f4 {keeps fighting.}) 37... Rxd5 $19 38. Kc3 Ke7 39. Nb6 $2 (39. Ne3 Re5 40. Kd4) 39... Rb5 40. Nc4 Ke6 (40... f4 $142 {Threatens to win with ...Rg5.} 41. h3 Rg5) 41. Na3 Re5 {aiming for ...Re2.} 42. b5 (42. Nc2 {was called for.}) 42... Kd7 43. Kc4 $2 (43. b6) 43... Re2 {[%mdl 64] Double Attack} 44. b4 Ra2 45. Kb3 Rxg2 46. Nc4 Rf2 47. b6 Kc6 48. b5+ Kb7 49. Nxd6+ Kxb6 50. Kb4 Rxf3 51. Nf7 Rf4+ 52. Kc3 Kxb5 53. Ne5 Rf2 54. Nxg6 Rxh2 55. Kd4 Rf2 (55... Rg2 $142 56. Nf4 Rg4 57. Ke3 {[#]} Rxf4 $1 {[%mdl 512]} 58. Kxf4 h4 59. Kf3 Kc4 60. Kf4 Kd4 61. Kf3 h3 62. Kg3 Ke3 63. Kxh3 f4 64. Kh4 f3 65. Kg4 f2 66. Kf5 Kd4 67. Kf6 f1=Q+ 68. Ke6 Qf8 69. Kd7 Qf6 70. Ke8 Kc5 71. Kd7 Qf7+ 72. Kc8 Kc6 73. Kd8 Qf8#) 56. Ke3 Rf1 {Black mates.} 57. Nh4 Kc5 58. Ke2 Rf4 59. Ng6 Rg4 60. Ne5 Re4+ {[%mdl 64] Double Attack. Accuracy: White = 15%, Black = 63%.} 0-1

[Event "RUS-ch Women Blitz 2019"]
[Site "Sochi"]
[Date "2019.10.17"]
[Round "7.11"]
[White "Shakhmurzova, Fatima"]
[Black "Lysenko, Margarita"]
[Result "0-1"]
[WhiteElo "1958"]
[BlackElo "2243"]
[Annotator "TA"]
[PlyCount "53"]
[EventDate "2019.10.17"]
[EventType "swiss"]
[EventCountry "RUS"]
[SourceTitle "playchess.com"]
[Source "ChessBase"]
[SourceQuality "1"]

{[%evp 12,53,8,9,33,19,27,27,33,2,25,0,35,35,57,43,35,25,17,5,0,-37,35,-83,-72,-137,-138,-460,-467,-608,-617,-593,-600,-693,-693,-767,-621,-938,-844,-844,-834,-1056,-1048,-29991]} 1. e4 c5 2. Nf3 d6 3. d4 cxd4 4. Nxd4 Nf6 5. Nc3 a6 6. h3 e5 7. Nde2 h5 {B90: Sicilian Najdorf: Unusual White 6th moves, 6 Be3 Ng4 and 6 Be3 e5} 8. g3 (8. Nd5 Nxd5 9. Qxd5 Nc6 10. Qd1 Be6 11. Nc3 Rc8 12. Be3 Ne7 13. Be2 d5 14. exd5 Nxd5 15. Nxd5 Qxd5 {½-½ (26) Wang,H (2730)-Giri,A (2783) St Petersburg 2018}) 8... Be6 9. Bg2 Nbd7 {White has an edge.} 10. Be3 Rc8 11. O-O h4 12. g4 Be7 13. f4 $146 ({Predecessor:} 13. Nd5 Bxd5 14. exd5 O-O 15. c3 {½-½ (39) Bodnaruk,A (2417)-Doluhanova,E (2276) Magnitogorsk 2011}) 13... exf4 14. Nxf4 {[#] Hoping for g5.} Ne5 15. Nxe6 fxe6 16. Bd4 Qa5 (16... Qc7 $15) 17. Qe2 (17. Ne2 $1 $14) 17... O-O $17 18. g5 (18. Kh1 $142) 18... Nh7 19. b4 $2 {[%mdl 8192]} (19. g6 $17 {is tougher.} Nxg6 20. Kh1) 19... Qxb4 $19 {Black is clearly winning.} 20. Bxe5 Qc5+ ({Inferior is} 20... Rxc3 21. Bxc3 Qxc3 22. g6 $16) 21. Kh1 Qxe5 22. g6 Nf6 23. Rf3 Rxc3 24. Raf1 Rxf3 25. Bxf3 {[#]} Nxe4 $1 26. Bxe4 (26. Qxe4 Qxe4) 26... Rxf1+ 27. Kg2 {Accuracy: White = 14%, Black = 57%.} 0-1